Statistics for Top 10 U.S. States with the Most Lighthouses

Click here to take the quiz!

General Stats

  • This quiz has been taken 23,865 times
  • The average score is 8 of 10

Answer Stats

#State% Correct
32California
94%
59Maine
94%
30Florida
93%
54New York
89%
22Washington
88%
61Massachusetts
76%
18Rhode Island
68%
16Maryland
63%
96Michigan
56%
34Wisconsin
38%

Score Distribution

Percentile by Number Answered

Percent of People with Each Score

Your Score History

You have not taken this quiz